000 00515 a2200169 4500
003 OSt
005 20231110144041.0
008 231110b |||||||| |||| 00| 0 eng d
020 _a9789351790525
040 _coclc
082 _a297.272
_bKHA/P
100 _aKhan, Moulana Vaheedudheen
_99859
245 _aThe political interpretation of Islam /
_cMaulana Wahiduddin Khan
260 _aNoida:
_bGoodword books,
_c2015.
300 _a72p
942 _2ddc
_cBK
_h297.272
_iKHA/P
_k297.272
_mKHA/P
999 _c43038
_d43038